| 000 | 00925nam a2200289 a 4500 | ||
|---|---|---|---|
| 008 | |||
| 020 | _a9780128029749 (paperback) | ||
| 040 |
_aNUST _cNUST |
||
| 090 |
_aQA911 _bDEB |
||
| 100 | 1 | _aDe Bortoli, Alvaro L. | |
| 245 | 1 | 0 |
_aModelling and Simulation of Reaction Flows / _cDe Bortoli, Alvaro L., Andreis Greice S. L. and Pereira Felipe N. |
| 260 |
_aUnited States : _bElsevier, _c2015 |
||
| 300 |
_axvii, 193 pages : _billustrations ; _c23 cm |
||
| 336 |
_atext _btxt _2rdacontent |
||
| 337 |
_aunmediated _bn _2rdamedia |
||
| 338 |
_avolume _bnc _2rdacarrier |
||
| 500 | _aIncludes index. | ||
| 650 | _aChemical Kinetics | ||
| 650 | 1 | _aChemical Equilibriam | |
| 700 | _aPereira Felipe N. | ||
| 700 | _aAndreis Greice S. L. | ||
| 907 |
_a.b10406669 _b22-07-21 _c12-07-21 |
||
| 003 | |||
| 005 | 20230123141211.0 | ||
| 049 | _aMAIN | ||
| 942 |
_cBOOKS _kQA911 _mDEB |
||
| 999 |
_c169413 _d169413 |
||